|
|
|
|
| LEADER |
01540nam a2200421 a 4500 |
| 001 |
nkc20122430833 |
| 003 |
CZ PrNK |
| 005 |
20230324150143.0 |
| 007 |
ta |
| 008 |
121218s2012 xr e 001 0 cze |
| 015 |
|
|
|a cnb002430833
|
| 020 |
|
|
|a 978-80-7260-269-8
|q (váz.) :
|c Kč 580,00
|
| 035 |
|
|
|a (OCoLC)827262024
|
| 040 |
|
|
|a ABA001
|b cze
|
| 041 |
1 |
|
|a cze
|h eng
|
| 043 |
|
|
|a e-xr---
|b e-xr-pg
|2 czenas
|
| 072 |
|
7 |
|a 94(437)
|x Dějiny Česka a Slovenska
|2 Konspekt
|9 8
|
| 080 |
|
|
|a 94(437.311)
|2 MRF
|
| 080 |
|
|
|a (0:82-4)
|2 MRF
|
| 100 |
1 |
|
|a Demetz, Peter,
|d 1922-2024
|7 jk01022197
|4 aut
|
| 245 |
1 |
0 |
|a Praha černá a zlatá :
|b výjevy ze života jednoho evropského města /
|c Peter Demetz ; přeložil Zdeněk Hron
|
| 250 |
|
|
|a V českém jazyce vyd. 3.
|
| 260 |
|
|
|a Praha :
|b Prostor,
|c 2012
|
| 300 |
|
|
|a 599 s. ;
|c 21 cm
|
| 500 |
|
|
|a Přeloženo z angličtiny
|
| 504 |
|
|
|a Obsahuje bibliografii a rejstřík
|
| 651 |
|
7 |
|a Praha (Česko)
|7 ge118011
|x dějiny
|2 czenas
|
| 651 |
|
9 |
|a Prague (Czechia)
|x history
|2 eczenas
|
| 655 |
|
7 |
|a eseje
|7 fd132213
|2 czenas
|
| 655 |
|
9 |
|a essays
|2 eczenas
|
| 700 |
1 |
|
|a Hron, Zdeněk,
|d 1944-
|7 jk01042858
|4 trl
|
| 765 |
0 |
|
|t Prague in black and gold
|9 Česky
|
| 856 |
4 |
1 |
|u http://www.digitalniknihovna.cz/mzk/uuid/uuid:3e97ea90-14aa-11e9-93ab-005056827e51
|y Digitalizovaný dokument
|x NDK
|
| 910 |
2 |
|
|a BOA001
|b 2-1296.456
|
| 990 |
|
|
|a BK
|
| 995 |
|
|
|a 01
|
| 991 |
|
|
|b 201301
|c NOV
|e n
|
| 996 |
6 |
|
|b 2610532911
|c 2-1296.456
|l MZK
|r Sklad / do 1 hodiny
|n 3
|p p.v.
|w 001305900
|u 000010
|a 1
|e BOA001
|j MZK50
|s P
|